Madame Bovary

Zapisane w:
Opis bibliograficzny
1. autor: Flaubert, Gustave
Format: Książka
Język:Undetermined
Wydane: Francia CLE International 1997
Hasła przedmiotowe:
Etykiety: Dodaj etykietę
Nie ma etykietki, Dołącz pierwszą etykiete!

MARC

LEADER 00000nam a2200000Ia 4500
008 170316s9999 xx 000 0 und d
040 |a cru BVZT 
090 |a 840 F-5m 
100 |a Flaubert, Gustave 
245 |a Madame Bovary 
260 |a Francia 
260 |b CLE International 
260 |c 1997 
300 |a 64 páginas 
650 |a LITERATURA FRANCESA 
650 |a LECTURES CLE EN FRANÇAIS FACILE (LECTURA FACIL) 
999 |c 7680  |d 7680 
942 |c 15 D  |h 840 F-5m  |2 z